[Event "Las Palmas Isla Bonita op 4th"]
[Site "Las Palmas"]
[Date "2019.04.13"]
[Round "1.1"]
[White "Montesinos Mujica, Emmanuel Alej"]
[Black "Andres Gonzalez, Ivan"]
[Result "0-1"]
[WhiteElo "1591"]
[BlackElo "2323"]
[PlyCount "66"]
[EventDate "2019.04.13"]
[EventType "swiss"]
[EventRounds "7"]
[EventCountry "ESP"]
[SourceTitle "CBM 190 Extra"]
[Source "ChessBase"]
[SourceDate "2019.07.15"]
[SourceVersion "1"]
[SourceVersionDate "2019.07.15"]
[SourceQuality "1"]

1. e4 c5 2. Nf3 d6 3. d4 cxd4 4. Nxd4 Nf6 5. Nc3 Nc6 6. f3 e5 7. Nb3 Be7 8. Be3 0-0 9. Qd2 Be6 10. 0-0-0 a5 11. a4 Nb4 12. g4 Rc8 13. Kb1 d5 14. exd5 Nfxd5 15. Bd3 Nxd3 16. Qxd3 Nxc3+ 17. bxc3 Qc7 18. Bd2 Bc4 19. Qe3 b5 20. axb5 a4 21. b6 Qb8 22. Na5 Bc5 23. Qe4 Qxb6+ 24. Ka1 Be6 25. Nb7 Be7 26. Rb1 Qa6 27. g5 Rc7 28. Rhg1 Rd7 29. Be3 Bd5 30. Qxe5 Qc4 31. Rb2 Rxb7 32. Bd4 f6 33. gxf6 Bxf6 0-1

[Event "ESP-chT CECLUB Div1"]
[Site "Linares"]
[Date "2018.08.08"]
[Round "3.3"]
[White "Dvirnyy, Danyyil"]
[Black "Andres Gonzalez, Ivan"]
[Result "1/2-1/2"]
[WhiteElo "2496"]
[BlackElo "2349"]
[PlyCount "60"]
[EventDate "2018.08.06"]
[EventType "team-tourn"]
[EventRounds "7"]
[EventCountry "ESP"]
[SourceTitle "CBM 185 Extra"]
[Source "ChessBase"]
[SourceDate "2018.07.29"]
[SourceVersion "1"]
[SourceVersionDate "2018.07.29"]
[SourceQuality "1"]
[WhiteTeam "Santa Lucia Grandama"]
[BlackTeam "Real Oviedo"]
[WhiteTeamCountry "ESP"]
[BlackTeamCountry "ESP"]

1. d4 d5 2. c4 e6 3. Nf3 Nf6 4. Nc3 c6 5. cxd5 exd5 6. Bg5 Be7 7. Qc2 g6 8. e4 dxe4 9. Bxf6 Bxf6 10. Qxe4+ Qe7 11. Bc4 Bf5 12. Qxe7+ Kxe7 13. 0-0-0 Rd8 14. h3 Nd7 15. Rhe1+ Kf8 16. g4 Nb6 17. Bb3 Bc8 18. Ne4 Kg7 19. Nxf6 Kxf6 20. Re5 Nd5 21. Bxd5 cxd5 22. Rde1 h6 23. Re7 b6 24. Kd2 Bd7 25. R1e5 Be6 26. Rb7 Rdb8 27. Rxb8 Rxb8 28. Ng1 Ke7 29. Ne2 Kd6 30. Nf4 Rc8 1/2-1/2

[Event "Guimaraes op"]
[Site "Guimaraes"]
[Date "2017.09.03"]
[Round "3"]
[White "Andias, Joao Pedro Menezes"]
[Black "Andres Gonzalez, Ivan"]
[Result "0-1"]
[WhiteElo "1998"]
[BlackElo "2345"]
[PlyCount "86"]
[EventDate "2017.09.02"]
[EventType "swiss"]
[EventRounds "7"]
[EventCountry "POR"]
[SourceTitle "CBM 180 Extra"]
[Source "ChessBase"]
[SourceDate "2017.10.06"]
[SourceVersion "1"]
[SourceVersionDate "2017.10.06"]
[SourceQuality "1"]

1. e4 c5 2. Nf3 d6 3. Bb5+ Nd7 4. d4 cxd4 5. Qxd4 a6 6. Bxd7+ Bxd7 7. 0-0 e5 8. Qd3 h6 9. c4 Nf6 10. Nc3 Be7 11. b3 0-0 12. Re1 Rc8 13. a4 Qb6 14. Rb1 Be6 15. Be3 Qc6 16. Rec1 Ng4 17. Nd5 Bd8 18. h3 Nxe3 19. Nxe3 Bb6 20. Nd5 Bxd5 21. Qxd5 Qxd5 22. cxd5 f5 23. Nd2 Bd4 24. Kf1 g6 25. Ke2 Kf7 26. Rc4 b5 27. Rc6 Rxc6 28. dxc6 Rc8 29. Rc1 Ke6 30. f3 d5 31. Kd3 Kd6 32. exd5 Kxd5 33. c7 Bb6 34. axb5 axb5 35. Ra1 Rxc7 36. Ra6 Rc6 37. Ra8 Bd4 38. Rb8 Rc3+ 39. Ke2 Kc5 40. Rb7 Kb4 41. Rb8 Be3 42. Nc4 Bc5 43. Nd2 e4 0-1

[Event "Guimaraes op"]
[Site "Guimaraes"]
[Date "2017.09.02"]
[Round "2"]
[White "Andres Gonzalez, Ivan"]
[Black "Ribeiro, Bruno Rafael Leite"]
[Result "1-0"]
[WhiteElo "2345"]
[BlackElo "1839"]
[PlyCount "45"]
[EventDate "2017.09.02"]
[EventType "swiss"]
[EventRounds "7"]
[EventCountry "POR"]
[SourceTitle "CBM 180 Extra"]
[Source "ChessBase"]
[SourceDate "2017.10.06"]
[SourceVersion "1"]
[SourceVersionDate "2017.10.06"]
[SourceQuality "1"]

1. e4 c5 2. Nc3 Nc6 3. Bb5 a6 4. Bxc6 bxc6 5. Nf3 Nf6 6. e5 Nd5 7. Ne4 d6 8. 0-0 Bg4 9. h3 Bh5 10. Re1 dxe5 11. Ng3 Bxf3 12. Qxf3 Qc7 13. b3 Nf4 14. Rxe5 Qxe5 15. Qxc6+ Kd8 16. Qxa8+ Kc7 17. d4 cxd4 18. Qa7+ Kd8 19. Qa8+ Kc7 20. Bxf4 Qxf4 21. Ne2 Qd2 22. Qa7+ Kd8 23. Nxd4 1-0

[Event "ESP-chT CECLUB Div1"]
[Site "Linares"]
[Date "2017.08.18"]
[Round "5.4"]
[White "Fernandez Romero, Ernesto"]
[Black "Andres Gonzalez, Ivan"]
[Result "1-0"]
[WhiteElo "2492"]
[BlackElo "2347"]
[PlyCount "79"]
[EventDate "2017.08.14"]
[EventType "team"]
[EventRounds "7"]
[EventCountry "ESP"]
[SourceTitle "CBM 180 Extra"]
[Source "ChessBase"]
[SourceDate "2017.10.06"]
[SourceVersion "1"]
[SourceVersionDate "2017.10.06"]
[SourceQuality "1"]
[WhiteTeam "Oromana Schneider Electric"]
[BlackTeam "Real Oviedo"]
[WhiteTeamCountry "ESP"]
[BlackTeamCountry "ESP"]

1. e4 c5 2. Nf3 d6 3. d4 cxd4 4. Nxd4 Nf6 5. Nc3 Nc6 6. Bg5 e6 7. Qd2 a6 8. 0-0-0 Bd7 9. h4 Be7 10. f3 0-0 11. Kb1 b5 12. Nxc6 Bxc6 13. Ne2 Rc8 14. Nd4 Bb7 15. Bd3 Nd7 16. Rhe1 Nc5 17. g4 Na4 18. Bxe7 Qxe7 19. g5 f6 20. f4 fxg5 21. hxg5 d5 22. e5 b4 23. Rh1 g6 24. Rh6 Nc3+ 25. bxc3 bxc3 26. Qc1 Qb4+ 27. Nb3 Rc7 28. Rdh1 d4 29. R1h4 Bd5 30. f5 Bxb3 31. axb3 exf5 32. Ka2 Qa5+ 33. Qa3 Qxe5 34. Bc4+ Rxc4 35. bxc4 Rb8 36. Rh1 Rb2+ 37. Ka1 d3 38. Qxa6 Rb8 39. Rxh7 d2 40. Qxg6+ 1-0

[Event "Gijon rapid op 17th"]
[Site "Gijon"]
[Date "2017.07.23"]
[Round "8"]
[White "Suarez Garcia, Carlos"]
[Black "Andres Gonzalez, Ivan"]
[Result "1/2-1/2"]
[WhiteElo "2455"]
[BlackElo "2375"]
[PlyCount "130"]
[EventDate "2017.07.23"]
[EventType "swiss (rapid)"]
[EventRounds "8"]
[EventCountry "ESP"]
[SourceTitle "CBM 179 Extra"]
[Source "ChessBase"]
[SourceDate "2017.08.23"]
[SourceVersion "1"]
[SourceVersionDate "2017.08.23"]
[SourceQuality "1"]

1. d4 Nf6 2. c4 c5 3. Nf3 cxd4 4. Nxd4 Nc6 5. Nc3 g6 6. g3 Bg7 7. Bg2 0-0 8. 0-0 d6 9. Nxc6 bxc6 10. Bxc6 Rb8 11. Bg2 Be6 12. b3 Qa5 13. Nb5 Nd7 14. Bd2 Qa6 15. Bc3 Ne5 16. Bd4 Rxb5 17. cxb5 Qxb5 18. f4 Ng4 19. Bxg7 Kxg7 20. Qd4+ Kg8 21. Bf3 a5 22. Rac1 Qh5 23. Rf2 Qb5 24. Bxg4 Bxg4 25. e4 Qh5 26. Qd5 e5 27. Qxd6 exf4 28. Qxf4 Bh3 29. Qh4 Qxh4 30. gxh4 Rd8 31. Rfc2 Kg7 32. Kf2 Rd3 33. Rc3 Rd2+ 34. Kg3 Be6 35. R1c2 Rd1 36. h5 Rd4 37. hxg6 hxg6 38. Kf3 a4 39. Ke3 Rb4 40. bxa4 Rxa4 41. a3 Kf6 42. Rb2 Ra5 43. Kd4 Rh5 44. Rf3+ Ke7 45. Rb7+ Kd6 46. Rbxf7 Bxf7 47. Rxf7 Ke6 48. Rf2 Ra5 49. Ra2 Ra4+ 50. Ke3 Ke5 51. Kf3 g5 52. h3 Kf6 53. Ke3 Ke5 54. Kd3 Rd4+ 55. Kc3 Rxe4 56. a4 Re3+ 57. Kc4 Rxh3 58. a5 Rh8 59. a6 g4 60. Kb5 Kf4 61. Rf2+ Ke3 62. Rf7 g3 63. Rg7 Kf2 64. Rf7+ Ke2 65. Re7+ Kf2 1/2-1/2

[Event "San Sebastian Gros op 27th"]
[Site "San Sebastian"]
[Date "2017.06.30"]
[Round "9"]
[White "Munoz Avila, Jose Luis"]
[Black "Andres Gonzalez, Ivan"]
[Result "1-0"]
[WhiteElo "2176"]
[BlackElo "2375"]
[PlyCount "40"]
[EventDate "2017.06.23"]
[EventType "swiss"]
[EventRounds "9"]
[EventCountry "ESP"]
[SourceTitle "CBM 179 Extra"]
[Source "ChessBase"]
[SourceDate "2017.08.23"]
[SourceVersion "1"]
[SourceVersionDate "2017.08.23"]
[SourceQuality "1"]

1. Nf3 Nf6 2. c4 g6 3. Nc3 Bg7 4. e4 d6 5. d4 0-0 6. Be3 Bg4 7. Be2 Nfd7 8. Ng1 Bxe2 9. Ngxe2 c5 10. 0-0 cxd4 11. Nxd4 Nc6 12. h3 Rc8 13. b3 a6 14. Qd2 Re8 15. Rfc1 Qa5 16. a3 Nxd4 17. Bxd4 Bxd4 18. Qxd4 Qg5 19. Ne2 Qe5 20. Rc3 Qxd4 1-0

[Event "ESP-chT CECLUB Div2"]
[Site "Linares"]
[Date "2016.08.19"]
[Round "5"]
[White "Andres Gonzalez, Ivan"]
[Black "Nieves Cabanes, Jose Manuel"]
[Result "0-1"]
[WhiteElo "2326"]
[BlackElo "2227"]
[PlyCount "106"]
[EventDate "2016.08.16"]
[EventType "team"]
[EventRounds "6"]
[EventCountry "ESP"]
[SourceTitle "CBM 174 Extra"]
[Source "ChessBase"]
[SourceDate "2016.10.10"]
[SourceVersion "1"]
[SourceVersionDate "2016.10.10"]
[SourceQuality "1"]
[WhiteTeam "Real Oviedo"]
[BlackTeam "Manises Eva"]
[WhiteTeamCountry "ESP"]
[BlackTeamCountry "ESP"]

1. e4 c6 2. Nc3 d5 3. Nf3 Bg4 4. h3 Bxf3 5. Qxf3 e6 6. d4 Nd7 7. Bd3 dxe4 8. Nxe4 Ngf6 9. 0-0 Nxe4 10. Qxe4 Be7 11. c3 Nf6 12. Qe2 0-0 13. Bf4 Nd5 14. Qe4 g6 15. Bh6 Re8 16. Bd2 Bg5 17. f4 Bf6 18. Rad1 b5 19. Bc1 Qb6 20. Bc2 Rac8 21. Kh1 Red8 22. a3 a5 23. Qf3 b4 24. axb4 axb4 25. g4 bxc3 26. bxc3 c5 27. c4 cxd4 28. Be4 Rxc4 29. f5 Rc3 30. Rd3 Rxd3 31. Bxd3 exf5 32. gxf5 Kg7 33. fxg6 hxg6 34. Bc4 Ne3 35. Bxe3 dxe3 36. Be2 Rh8 37. Rg1 Qe6 38. Rg4 Qe5 39. Re4 Rxh3+ 40. Qxh3 Qxe4+ 41. Qf3 Qxf3+ 42. Bxf3 Bd4 43. Kg2 f5 44. Be2 Kf6 45. Kf3 g5 46. Bd3 Ke5 47. Be2 g4+ 48. Kg3 Bc3 49. Bd3 Be1+ 50. Kg2 f4 51. Kf1 Bd2 52. Kg2 f3+ 53. Kg3 e2 0-1

[Event "ESP-ch 81st"]
[Site "Linares"]
[Date "2016.08.10"]
[Round "6"]
[White "Arizmendi Martinez, Julen Luis"]
[Black "Andres Gonzalez, Ivan"]
[Result "1/2-1/2"]
[WhiteElo "2496"]
[BlackElo "2326"]
[PlyCount "60"]
[EventDate "2016.08.05"]
[EventType "swiss"]
[EventRounds "9"]
[EventCountry "ESP"]
[SourceTitle "CBM 173 Extra"]
[Source "ChessBase"]
[SourceDate "2016.08.29"]
[SourceVersion "1"]
[SourceVersionDate "2016.08.29"]
[SourceQuality "1"]

1. e4 c5 2. Nf3 d6 3. d4 cxd4 4. Nxd4 Nf6 5. Nc3 Nc6 6. Bg5 Bd7 7. Qd2 Rc8 8. f4 Nxd4 9. Qxd4 Qa5 10. e5 dxe5 11. fxe5 e6 12. 0-0-0 Rxc3 13. Qxc3 Qxc3 14. bxc3 Ne4 15. Rd4 f5 16. Rxe4 Ba3+ 17. Kd2 fxe4 18. Be3 b6 19. Ba6 Bc6 20. Rf1 Rf8 21. Rxf8+ Kxf8 22. c4 Ke7 23. Bc8 Bb4+ 24. c3 Ba3 25. g4 Kf7 26. Ba6 Ke7 27. Bc8 Kf7 28. Ba6 Ke7 29. Bc8 Kf7 30. Ba6 Ke7 1/2-1/2

[Event "ESP-ch 81st"]
[Site "Linares"]
[Date "2016.08.08"]
[Round "4"]
[White "Suarez Garcia, Carlos"]
[Black "Andres Gonzalez, Ivan"]
[Result "1-0"]
[WhiteElo "2426"]
[BlackElo "2326"]
[PlyCount "129"]
[EventDate "2016.08.05"]
[EventType "swiss"]
[EventRounds "9"]
[EventCountry "ESP"]
[SourceTitle "CBM 173 Extra"]
[Source "ChessBase"]
[SourceDate "2016.08.29"]
[SourceVersion "1"]
[SourceVersionDate "2016.08.29"]
[SourceQuality "1"]

1. d4 d5 2. c4 c6 3. Nf3 Nf6 4. Nc3 g6 5. cxd5 cxd5 6. Bf4 Nc6 7. e3 a6 8. Bd3 Bg7 9. h3 0-0 10. 0-0 Bf5 11. Bxf5 gxf5 12. Ne5 e6 13. Nxc6 bxc6 14. Bg5 Qd6 15. Na4 Nd7 16. Rc1 Rfc8 17. Bf4 Qb4 18. b3 a5 19. Qf3 Bf6 20. Rc2 Qb5 21. Bd6 Ra7 22. Rfc1 Kh8 23. Qh5 Kg8 24. Rc3 Bg7 25. Qd1 Nf6 26. Qc2 Ra6 27. f3 Nd7 28. Kf2 Bf8 29. Bxf8 Kxf8 30. g4 Qb8 31. Kg2 Qd6 32. gxf5 Ke7 33. f4 Nf6 34. Nc5 Raa8 35. fxe6 fxe6 36. Nd3 Ne4 37. Rxc6 Rxc6 38. Qxc6 Rg8+ 39. Kh2 Qxc6 40. Rxc6 Rg3 41. Nc5 Rxe3 42. Rxe6+ Kf7 43. Re5 Re2+ 44. Kg1 Rxa2 45. Rxd5 Nc3 46. Rf5+ Ke7 47. Re5+ Kf7 48. Kf1 a4 49. bxa4 Nxa4 50. Re2 Ra3 51. Rd2 Nxc5 52. dxc5 Rxh3 53. Rc2 Ke7 54. c6 Kd8 55. Kg2 Rd3 56. c7+ Kc8 57. f5 Rd5 58. f6 Rg5+ 59. Kh3 Rg1 60. Rf2 Rg8 61. f7 Rf8 62. Kh4 Kxc7 63. Kg5 Kd6 64. Kf6 h5 65. Rd2+ 1-0

[Event "San Sebastian op 38th"]
[Site "San Sebastian"]
[Date "2015.04.02"]
[Round "7"]
[White "Andres Gonzalez, Ivan"]
[Black "Martinez de Miguel, Pedro"]
[Result "1-0"]
[WhiteElo "2360"]
[BlackElo "2110"]
[PlyCount "95"]
[EventDate "2015.03.28"]
[EventType "swiss"]
[EventRounds "9"]
[EventCountry "ESP"]
[SourceTitle "CBM 165 Extra"]
[Source "ChessBase"]
[SourceDate "2015.04.21"]
[SourceVersion "1"]
[SourceVersionDate "2015.04.21"]
[SourceQuality "1"]

1. e4 c5 2. Nc3 Nc6 3. Bb5 Nd4 4. Bc4 e6 5. Nf3 Ne7 6. Nxd4 cxd4 7. Ne2 Nc6 8. 0-0 Be7 9. d3 a6 10. a3 b5 11. Ba2 Bb7 12. Ng3 Qc7 13. c4 b4 14. Bb3 Qa5 15. Bd2 Qc5 16. f4 h5 17. e5 h4 18. Ne4 Qb6 19. h3 f5 20. exf6 gxf6 21. c5 Qc7 22. f5 Ne5 23. Qe2 Bxe4 24. Qxe4 Qc6 25. Qxc6 dxc6 26. axb4 exf5 27. Rf4 Nxd3 28. Rxd4 Ne5 29. Be6 Bd8 30. Bxf5 Rh5 31. Bc2 Ra7 32. Kf1 Bc7 33. Be1 Ke7 34. Bxh4 Ke6 35. Bf2 Nd7 36. Bd1 Rg5 37. Bg4+ f5 38. Be2 Be5 39. Bc4+ Kf6 40. Rd2 Rg7 41. Rxa6 Rxa6 42. Bxa6 Nb8 43. Bh4+ Kg6 44. Bd3 Kh5 45. Be1 Kg5 46. Re2 Bf4 47. Re6 Bc1 48. h4+ 1-0

[Event "ESP-ch 79th"]
[Site "Linares"]
[Date "2014.08.29"]
[Round "5"]
[White "Andres Gonzalez, Ivan"]
[Black "Santos Latasa, Jaime"]
[Result "1/2-1/2"]
[WhiteElo "2354"]
[BlackElo "2487"]
[PlyCount "61"]
[EventDate "2014.08.25"]
[EventType "swiss"]
[EventRounds "9"]
[EventCountry "ESP"]
[SourceTitle "CBM 162 Extra"]
[Source "ChessBase"]
[SourceDate "2014.10.17"]
[SourceVersion "1"]
[SourceVersionDate "2014.10.17"]
[SourceQuality "1"]

1. e4 c5 2. Nc3 e6 3. Nf3 Nc6 4. Bb5 Nd4 5. 0-0 a6 6. Bd3 Ne7 7. Nxd4 cxd4 8. Ne2 Nc6 9. c3 Bc5 10. b4 Bb6 11. cxd4 0-0 12. b5 axb5 13. Bb2 d5 14. exd5 Qxd5 15. Qc2 Qh5 16. Qb3 b4 17. a3 Bc7 18. Ng3 Bxg3 19. hxg3 bxa3 20. Rxa3 Rxa3 21. Qxa3 Rd8 22. Be4 h6 23. Rc1 Bd7 24. Bf3 Qg5 25. Qe3 Be8 26. Qxg5 hxg5 27. Rc5 g4 28. Bxg4 Nxd4 29. Bxd4 Rxd4 30. Bf3 Kf8 31. Bxb7 1/2-1/2

[Event "POR-chT"]
[Site "Caldas da Rainha"]
[Date "2014.08.20"]
[Round "5.5"]
[White "Andres Gonzalez, Ivan"]
[Black "Gomes, Miguel"]
[Result "1-0"]
[WhiteElo "2354"]
[BlackElo "2235"]
[PlyCount "45"]
[EventDate "2014.08.17"]
[EventType "team-tourn"]
[EventRounds "9"]
[EventCountry "POR"]
[SourceTitle "CBM 161 Extra"]
[Source "ChessBase"]
[SourceDate "2014.08.29"]
[SourceVersion "1"]
[SourceVersionDate "2014.08.29"]
[SourceQuality "1"]
[WhiteTeam "TAP"]
[BlackTeam "AAD NXVSC"]
[WhiteTeamCountry "POR"]
[BlackTeamCountry "POR"]

1. e4 c6 2. d4 d5 3. Nc3 dxe4 4. Nxe4 Bf5 5. Ng3 Bg6 6. Nh3 e6 7. Nf4 Bd6 8. h4 Qf6 9. Nfh5 Bxh5 10. Nxh5 Qg6 11. Bg5 h6 12. Bd3 f5 13. Bf4 Be7 14. Qe2 Nd7 15. 0-0-0 Ngf6 16. Nxf6+ Qxf6 17. Bc4 Nf8 18. g3 Kd7 19. Rhe1 Re8 20. Qe3 b6 21. Qb3 h5 22. Qa4 a5 23. d5 1-0

[Event "POR-chT"]
[Site "Caldas da Rainha"]
[Date "2014.08.20"]
[Round "6.1"]
[White "Andres Gonzalez, Ivan"]
[Black "Gonzalez Perez, Arian"]
[Result "1/2-1/2"]
[WhiteElo "2354"]
[BlackElo "2480"]
[PlyCount "43"]
[EventDate "2014.08.17"]
[EventType "team-tourn"]
[EventRounds "9"]
[EventCountry "POR"]
[SourceTitle "CBM 161 Extra"]
[Source "ChessBase"]
[SourceDate "2014.08.29"]
[SourceVersion "1"]
[SourceVersionDate "2014.08.29"]
[SourceQuality "1"]
[WhiteTeam "TAP"]
[BlackTeam "Dias Ferreira"]
[WhiteTeamCountry "POR"]
[BlackTeamCountry "POR"]

1. e4 c5 2. Nc3 d6 3. Nf3 Nf6 4. d4 cxd4 5. Nxd4 g6 6. Bc4 Bg7 7. 0-0 0-0 8. Bb3 Nc6 9. Nxc6 bxc6 10. Re1 Nd7 11. Be3 a5 12. Qd2 Qc7 13. Rad1 Nb6 14. a4 Ba6 15. Bh6 c5 16. Bxg7 Kxg7 17. Nd5 Nxd5 18. Bxd5 Rab8 19. Qc3+ Kg8 20. e5 dxe5 21. Rxe5 e6 22. Bf3 1/2-1/2